| 000 | 01038cam a22001934a 4500 | ||
|---|---|---|---|
| 005 | 20250605164209.0 | ||
| 008 | 250528s ||||||||||||||||||||||||d | ||
| 035 | _a20187 | ||
| 020 | _a73190095 | ||
| 040 |
_aGR-AtMCL _bgre _dGR-AtMCL _eAACR2 |
||
| 245 | 1 | _aWelfare Versus Freedom / Our Major Problem is not How Capitalist or How Socialist our System is. Even the American and Soviet Economies Share both at Times. The Major Problem is How to Balance Economic Welfare with Freedom Guided by Reason. | |
| 260 |
_bOlympic Editions Ltd, _c1972 |
||
| 300 | _a386 | ||
| 520 | _aYet among those who thought highly of reason the first was sentenced to death by poison in Athens; the second was crucified in Jerusalem; the third was shot in Texas. Miscellany, Foreword, Introduction, Spotlights on the Stream of Intellect, Sensible Welfare Economics, A New Look at State Values, Capitalistic Evils and Policy Making, Postscript, References, Index. | ||
| 700 | 1 |
_aBitsaxis Evan _96232 |
|
| 942 | _cBK | ||
| 999 |
_c5324 _d5324 |
||